000 01051nam a2200229 i 4500
001 BPP
003 BPK
005 20160601131908.0
008 150522s2009 pl f |000 0 pol
040 _cBPK
080 _a574.3
080 _a662.76
100 _aJASIULEWICZ, Michał.
_d1996 - .
_bPolitechnika Koszalińska - Instytut Ekonomii i Zarządzania,
_cZakład Agrobiznesu i Zagospodarowania Obszarów Wiejskich
245 _aEnergetyczne wykorzystanie biomasy w działalności gospodarczej /
_cred. nauk. Michał Jasiulewicz.
260 _aKoszalin :
_bWydaw. Uczelniane Politechniki Koszalińskiej,
_c2009.
300 _a312 s.
500 _aDane z autopsji.
520 _aPrezentowane artykuły przedstawiają badania w zakresie: biomasa jako surowiec energetyczny, produkcja biogazu, potencjał biomasy rolniczej oraz nowe technologie w przetwarzaniu biomasy do celów energetycznych. Opracowania badawcze mają charakter zarówno teoretyczny, jak i praktyczny.
650 0 _aBiomasa.
650 0 _aBiogaz.
942 _cKS
_2UKD
999 _c1807
_d1807